Normal view
MARC view
Entry Personal Name
001 - CONTROL NUMBER
- control field: 1237516
003 - CONTROL NUMBER IDENTIFIER
- control field: OSt
005 - DATE AND TIME OF LATEST TRANSACTION
- control field: 20260430150436.0
008 - FIXED-LENGTH DATA ELEMENTS
- fixed length control field: 260430|| aca||aabn | a|a d
040 ## - CATALOGING SOURCE
- Original cataloging agency: OSt
- Transcribing agency: OSt
100 ## - HEADING--PERSONAL NAME
- Personal name: Kaur Gurjot Au.; Kar Rabi Narayan Gu
670 ## - SOURCE DATA FOUND
- Source citation: Work cat.: (OSt)1849788: Kaur Gurjot Au.; Kar Rabi Narayan Gu., Base Erosion & Profit Shifting & Indian Tax Policy Practice & Compliance in Selected MNE’s in India, 2022
